Every Kiribati Village in the Line Islands - Statistics

General Stats
  • This quiz has been taken 11 times
  • The average score is 5 of 21
Answers on the Map
Answers color-coded by a green-red scale on the quiz's map according to % correct below.
 
Answer Stats
Island Answer Population % Correct
Kiritimati Banana 1458
100%
Kiritimati London 1986
100%
Kiritimati Poland 403
100%
Kiritimati Tabwakea 3522
67%
Teraina Abaiang 215
17%
Teraina Arabata 149
17%
Tabuaeran Aramari 235
17%
Teraina Kauamwemwe 173
17%
Teraina Onouea 107
17%
Tabuaeran Paelau 135
17%
Teraina Tangkore 582
17%
Tabuaeran Tereitaki 370
17%
Tabuaeran Tereitannano 184
17%
Tabuaeran Aontenaa 256
0%
Tabuaeran Betania 174
0%
Teraina Kaaitari 95
0%
Teraina Matanbike 296
0%
Teraina Mwakeitari 221
0%
Tabuaeran Mwanuku 222
0%
Tabuaeran Tenenebo 414
0%
Teraina Uteute 55
0%
No matching quizzes found
Score Distribution
Percent of People with Each Score
Percentile by Number Answered
Your Score History
You have not taken this quiz